000 01040cam7a220025300 4500
001 qce00375254
005 20190823103914.0
008 791107s1978 rm b 000 0 eng d
035 _a(Sirsi) r13449
035 _a(QCAT)lss02537792
035 _a(UPRA)qce00375254
040 _dUPRA
100 1 _aPascali, Dan.
_6A68739.1
245 1 0 _aNonlinear mappings of monotone type /
_cDan Pascali, Silviu Sburlan.
260 _aBucuresti, Romania : Alphen aan den Rijn, the Netherlands :
_bEditura Academiei ; Sijthoff & Noordhoff,
_aBucuresti, Romania : Alphen aan den Rijn, the Netherlands :
_bEditura Academiei ; Sijthoff & Noordhoff,
_cc1978.
500 _aBased on the 1st author's Operatori neliniari.
504 _aBibliography: p. 323-337.
650 0 _aMonotone operators.
_6S52383.1
650 0 _aFunctional analysis.
_6S3016.1
700 1 _aSburlan, Silviu.
_6A68740.1
949 _aQC20.7
_wlcc
_i33729000248000
_mMAIN
_p2500
_tBOOK
_lON-SHELF
949 _aQC20.7
_wlcc
_i33729000248018
_mMAIN
_p2500
_tBOOK
_lON-SHELF
004 13449
999 _c149839
_d149839